C sharp: al descubierto

Đã lưu trong:
Chi tiết về thư mục
Tác giả chính: Mayo, Joseph (autor)
Định dạng: Sách
Ngôn ngữ:Tiếng Tây Ban Nha
Được phát hành: Madrid Pearson Educación 2002
Những chủ đề:
Các nhãn: Thêm thẻ
Không có thẻ, Là người đầu tiên thẻ bản ghi này!

MARC

LEADER 00000nam a2200000 a 4500
001 UCM5421
003 CL-VaPUC
008 021011e20020000SP |||||||||||||||||spa|d
082 0 4 |a 005.133  |b MAY  |2 21 
100 |a Mayo, Joseph  |e autor  |9 471632 
245 1 0 |a C sharp: al descubierto 
300 |a 749 p 
942 |c BK 
945 |d 20021011 00:00:00  |a vberengu 
260 |a Madrid  |b Pearson Educación  |c 2002 
650 0 |a Lenguajes de programación   |9 259458 
650 7 |a C SHARP  |2 CL-VaPUC  |9 471633 
583 |a last modification  |c 20021011 00:00:00  |k Rodrigo Vera 
999 |c 301487  |d 301485 
952 |0 0  |1 0  |4 0  |6 005_133000000000000_MAY_2002  |7 0  |8 A  |9 360508  |a BIBING  |b BIBING  |d 2019-11-21  |i 3845443  |o 005.133 MAY 2002  |p 3845443  |r 2025-01-20  |w 2019-11-21  |y BK  |k ING 
952 |0 0  |1 0  |4 0  |6 005_133000000000000_MAY_2002  |7 0  |8 A  |9 360509  |a BIBING  |b BIBING  |d 2019-11-21  |i 3883582  |o 005.133 MAY 2002  |p 3883582  |r 2025-01-20  |w 2019-11-21  |y BK  |k ING